000 00768cam a2200241 a 4500
001 000005541
005 20200929151715.0
008 010605s1984 sp b 001 1 spa
020 _a8437603803
040 _aDO-SdBNP
_bspa
_cBNPHU
082 _a863.3
_bP438ma, 1984
100 1 _aPérez Galdós, Benito,
_d1843-1920.
_93681
245 1 0 _aMarianela /
_cBenito Pérez Galdós ; edición Joaquín Casalduero.
250 _a2a ed.
260 _aMadrid :
_bCátedra,
_c1984.
300 _a232 p. ;
_c18 cm.
490 1 _aLetras hispánicas
_v174
650 4 _aNovela española
_91123
650 4 _aLiteratura española
_9632
700 1 _aCasalduero, Joaquín,
_eed.
_915661
830 0 _aLetras hispánicas
_n174
_915662
910 _aValidado. Control de calidad MMOLINA
999 _c5340
_d5340